Statistics for Top 10 smallest countries

Click here to take the quiz!

General Stats

  • This quiz has been taken 80 times
    (75 since last reset)
  • The average score is 6 of 10

Answer Stats

Answer% Correct
Vatican city
93%
Monaco
78%
San Marino
76%
Nauru
69%
Liechtenstein
65%
Tuvalu
64%
Saint kitts and nevis
57%
Marshall islands
47%
Maldives
45%
Seychelles
43%

Score Distribution

Percentile by Number Answered

Percent of People with Each Score

Your Score History

You have not taken this quiz since the last reset